Statistics for Ligue 1 Champions Goalkeepers

Click here to take the quiz!

General Stats

  • This quiz has been taken 26 times
    (10 since last reset)
  • The average score is 7 of 12

Answer Stats

GK % Correct
Keylor Navas
83%
Kevin Trapp
83%
Alphonse Areola
67%
Danijel Subašić
67%
Salvatore Sirigu
67%
Steve Mandanda
67%
Fabien Barthez
67%
Geoffrey Jourdren
50%
Mickaël Landreau
50%
Grégory Coupet
50%
Ulrich Ramé
33%
Rémy Vercoutre
17%

Score Distribution

Percentile by Number Answered

Percent of People with Each Score

Your Score History

You have not taken this quiz since the last reset